000 01666nam0a22003371 4500
001 v19\rc\1422612
005 20250618112053.0
035 _a(NLR Aleph) 004548950
090 _a2113954
_c2113954
100 _a20060512d1884 |||y0rusy50 ca
101 0 _arus
102 _aRU
105 _ay z |||||
200 1 _aЗаметка о добывании трипсина
_f[Соч.] Вл. Никольского
_g(Из Фармакологич. лаб. Казан. ун-та)
210 _aКазань
_cтип. Имп. Казан. ун-та
_d1884
215 _a10 с.
_d24
309 _aБез тит. л. и обл.
311 _aПрил. к "Протоколам заседаний О-ва естествоиспытателей при Имп. Казан. ун-те". № 69
422 0 _12001#$aПротоколы заседаний Общества естествоиспытателей при Императорском Казанском университете$v№ 69
_tПротоколы заседаний Общества естествоиспытателей при Императорском Казанском университете
532 1 3 _aЗаметка о добывании трипсина
700 1 _aНикольский
_bВ. И.
_cд-р медицины, фармакология
_f1850-1919
_gВладимир Иванович
_9137841
_3RU\NLR\AUTH\770137876
801 0 _aRU
_bNLR
_gpsbo
801 0 _aRU
_bRuMoRGB
_2psbo
801 1 _aRU
_bProSoft-M
_2rusmarc
852 _aNLR
_j18.136.3.218
899 _aRuMoRGB
_jW 74/487
899 _aБАН
899 _aНБ МГУ
942 _cBOOK
980 _aNB